| 000 | 00662nam a2200205 a 4500 | ||
|---|---|---|---|
| 001 | 000011325 | ||
| 005 | 20240412074225.0 | ||
| 008 | 091016s1979 dr 000 f spa d | ||
| 040 |
_aDO-SdBNP _bspa _cBNPHU |
||
| 082 |
_aRD863.44 _bO12u |
||
| 100 | 1 |
_aObjio, Nelson Eddy _912421 |
|
| 245 | 1 | 0 |
_aUn hombre acosado / _cNelson Eddy Objio. |
| 260 |
_a[República Dominicana] : _bEdiciones Dimeyson, _c1979. |
||
| 300 |
_a191 p. ; _c20 cm. |
||
| 500 | _aIncluye datos biográficos del autor (p.192) | ||
| 590 | _aInventariado, 2020/MAA | ||
| 650 | 4 |
_aNovela dominicanos _926928 |
|
| 650 | 0 |
_aLiteratura dominicana. _967 |
|
| 910 | _aValidado. Control de calidad MFF | ||
| 999 |
_c11032 _d11032 |
||